| 000 | 00793cab a2200253 4500 | ||
|---|---|---|---|
| 001 | ABS60208 | ||
| 008 | 090401t1999 xxu||||| |||| 00| 0 eng d | ||
| 035 | _a(Sirsi) u99703 | ||
| 041 | _aeng | ||
| 100 | _aMoon, R. | ||
| 245 | _aMaking plans between a rock and a hard place | ||
| 260 | _c1999 | ||
| 350 | _a0 | ||
| 490 |
_aPlanning (for the Natural and Built Environment) _v(1307) 26 February 1999, 14-15(2) |
||
| 520 | _aLooks at the problems caused by the delays in providing aggregates guidance - namely much lower demand. | ||
| 650 | _aAGGREGATES | ||
| 650 | _aFORECASTS | ||
| 650 | _aMINERALS POLICY GUIDANCE NOTE 6 | ||
| 650 | _aMINERALS PLANNING GUIDANCE NOTE SIX | ||
| 650 | _aSUPPLY AND DEMAND | ||
| 690 | _aMINING AND MINERALS | ||
| 942 | _n0 | ||
| 948 | _c01/03/1999 | ||
| 999 |
_c59943 _d59943 |
||